000 00495nam a2200169 i 4500
001 bg
100 1 _aGÓRA, Stanisław
245 0 _aGospodarka elektroenergetyczna w przemyśle /
_cStanisław Góra.
260 _aWarszawa :
_bPaństw. Wydawn. Nauk.,
_c1975.
300 _as. 364, nlb. 1 :
_brys., tabl. [w tym] nlb. 2.
504 _a[Zawiera bibliogr. s. 363-365].
040 _cBPK
041 _apol
080 _a658.2:621.31
942 _cKS
008 s pl f |000 0 pol
999 _c15942
_d15942
856 _uhttp://koha.tu.koszalin.pl/cgi-bin/koha/opac-detail.pl?biblionumber=15942
_yKatalog online BPK